Région des Plus Beaux Villages de France - Statistiques

Statistiques générales
  • Ce quiz a été pris 28 fois
  • Le résultat moyen est 7 sur 9
Statistiques - réponses
Nombre de villages Région % Correct
51 Occitanie
96%
35 Nouvelle-Aquitaine
81%
26 Auvergne-Rhône-Alpes
77%
9 (trois régions) Bourgogne-Franche-Comté, Centre-Val de Loire, Grand Est
77%
24 Provence-Alpes-Côte d'Azur
77%
4 (deux régions) Bretagne, Pays de la Loire
73%
2 (deux régions) Corse, Hauts-de-France
69%
7 Normandie
65%
1 (deux régions) Île-de-France, La Réunion
62%
Aucun quiz correspondant
Distribution des résultats
% des personnes avec chaque résultat
Percentile par nombre de réponses
Votre historique - résultats
Vous n’avez pas pris ce quiz